| 000 | 00835nam a2200265Ia 4500 | ||
|---|---|---|---|
| 001 | 18247 | ||
| 003 | GE_BSU | ||
| 008 | 181216s||||||||xx |||||||||||||| ||und|| | ||
| 020 | _a9780702052521 | ||
| 040 | _cGE_BSU | ||
| 245 | _aSobotta:Atlas of Human Anatomy:Internal Organs | ||
| 245 | _cEdited by:F.Paulsen,and J.Waschke.Translated by:T. Klonisch and S.Hombach- Klonisch | ||
| 250 | _a15 th edition | ||
| 260 | _aMunchen | ||
| 260 | _bElsevier | ||
| 260 | _c2011 | ||
| 300 | _a259pages,ill,col,32cm. | ||
| 300 | _b363 Colored Plates with 441 Figures | ||
| 541 | _h177gel | ||
| 653 | _aAtlas of Human Anatomy | ||
| 653 | _aადამიანის ანატომიის ატლასი | ||
| 653 | _aმედიცინა | ||
| 653 | _aშინაგანი ორგანოები | ||
| 942 | _cBK | ||
| 999 |
_c51283 _d51283 |
||